000 00597nam a22001937a 4500
005 20140808114848.0
010 _aENG-110292
020 _a9789351424987
_c475.00
035 _aEN-93824
037 _bDBAD/PUB
082 _a658.5
100 _aSharma, Anand
245 _aProduction and operations management /
_cby Anand Sharma
260 _aMumbai
_bHimalaya Publishing House
_c2014
270 _aRamdoot, Dr. Bhalerao Marg, Girgaon
_bMumbai
_e400004
300 _a665p.:
_c24cm(pbk)
_bill.
500 _aIncludes bibliographical references
942 _2ddc
_cEN
_mSHA
_h658.5
999 _c85427
_d85427